Statistics for Ancient History by Letter 'A'

Click here to take the quiz!

General Stats

  • This quiz has been taken 1,430 times
  • The average score is 13 of 20

Answer Stats

Hint Answer % Correct
This city fought against Sparta in the Peloponnesian WarAthens
96%
The protagonist of the Iliad, his only weakness was his heelAchilles
92%
First Roman Emperor, he established Pax RomanaAugustus
89%
What the Romans built to bring water into the cityAqueducts
86%
Mountains where Hannibal marched his elephantsThe Alps
85%
King of Macedonia, he cut the Gordian KnotAlexander the Great
83%
Nation of all-female warriors in Greek mythologyAmazon
82%
Hunnic ruler who terrorized Rome in the 5th century ADAttila the Hun
80%
The most famous mathematician of Ancient GreeceArchimedes
76%
The hill in Greece where the Parthenon standsAcropolis
74%
Ancient Greek slave who "wrote" many fablesAesop
70%
The God of light and sun in Roman and Greek mythologyApollo
69%
A.D. In the year of our lordAnno Domini
59%
Nineveh was the capital of this Mesopotamian EmpireAssyrian Empire
57%
Jackal-headed Egyptian God of the NecropolisAnubis
55%
He commanded Greek armies during he Trojan WarAgamemnon
50%
31 BC Battle where Mark Antony and Cleopatra were defeatedBattle of Actium
23%
What Julius Caesar said after crossing the RubiconAlea iacta est
23%
Visigoth leader who sacked Rome in 410 ADAlaric the Visigoth
18%
This 378 AD battle saw the beginning of the end of the Roman EmpireBattle of Adrianople
8%

Score Distribution

Percentile by Number Answered

Percent of People with Each Score

Your Score History

You have not taken this quiz